عرض عادي عرض مارك
  • إسماعيل، وحيد عبد المقصود

مدخل إسم شخص

عدد التسجيلات المستخدمة في: 13

001 - رقم الضبط

  • حقل الضبط: 60274

003 - معرف رقم الضبط

  • حقل الضبط: OSt

005 - تاريخ ووقت أخر عملية

  • حقل الضبط: 20171210120843.0

008 - عناصر بيانات ثابتة الطول

  • حقل تحكم ثابت الطول: 171210|| aca||aabn | a|a d

040 ## - مصدر الفهرسة

  • هيئة الفهرسة الأصلية: OSt
  • وكالة الكتابة: OSt

100 ## - مدخل -- أسم شخص

  • إسم شخص: إسماعيل، وحيد عبد المقصود

670 ## - بيانات المصدر موجوده

  • الاستشهاد بالمصدر: Work cat.: (OSt): إسماعيل، وحيد عبد المقصود, الاشتقاق والبحث الدلالي عند أبي حاتم الرازي /, 2018.